Normal view
MARC view
Entry Personal Name
001 - CONTROL NUMBER
- control field: 1238241
003 - CONTROL NUMBER IDENTIFIER
- control field: OSt
005 - DATE AND TIME OF LATEST TRANSACTION
- control field: 20260430150708.0
008 - FIXED-LENGTH DATA ELEMENTS
- fixed length control field: 260430|| aca||aabn | a|a d
040 ## - CATALOGING SOURCE
- Original cataloging agency: OSt
- Transcribing agency: OSt
100 ## - HEADING--PERSONAL NAME
- Personal name: Singh Jay Au.; Rai Alok Kumar Gu
670 ## - SOURCE DATA FOUND
- Source citation: Work cat.: (OSt)1850412: Singh Jay Au.; Rai Alok Kumar Gu., Morphological Effect on the Electrochemical Performances of Transition Metal Oxide Anodes for Lithium Ion Battery Application, 2024
